Passages frontaliers entre départements - Statistiques

Statistiques générales
  • Ce quiz a été pris 350 fois
  • Le résultat moyen est 19 sur 24
Statistiques - réponses
Départ Direction Arrivée % Correct
Pas-de-Calais Est Nord
97%
Bouches-du-Rhône Nord Vaucluse
93%
Paris Ouest Hauts-de-Seine
90%
Var Est Alpes-Maritimes
87%
Pyrénées-Atlantiques Nord Landes
86%
Morbihan Ouest Finistère
85%
Aude Sud Pyrénées-Orientales
85%
Moselle Est Bas-Rhin
84%
Meurthe-et-Moselle Ouest Meuse
83%
Puy-de-Dôme Nord Allier
82%
Somme Sud Oise
82%
Calvados Ouest Manche
81%
Eure Nord Seine-Maritime
81%
Drôme Ouest Ardèche
79%
Loire-Atlantique Est Maine-et-Loire
77%
Vendée Est Deux-Sèvres
76%
Ille-et-Vilaine Est Mayenne
76%
Essonne Est Seine-et-Marne
76%
Nièvre Ouest Cher
71%
Vosges Sud Haute-Saône
71%
Ardennes Ouest Aisne
70%
Corrèze Sud Lot
70%
Loiret Est Yonne
62%
Vienne Nord Indre-et-Loire
60%
Aucun quiz correspondant
Distribution des résultats
% des personnes avec chaque résultat
Percentile par nombre de réponses
Votre historique - résultats
Vous n’avez pas pris ce quiz